000 00188 a2200097 4500
001 8263
090 _c6646
_d6646
100 _aHomex
245 _aThe odyssey (Transfered to SOA)
260 _bOxford
942 _aNUST-CAE
999 _c243336
_d243336